Management Information Systems (Record no. 480321)

MARC details
000 -LEADER
fixed length control field 00687nam a2200229Ia 4500
008 - FIXED-LENGTH DATA ELEMENTS--GENERAL INFORMATION
fixed length control field 100315s9999 xx 000 0 und d
020 ## - INTERNATIONAL STANDARD BOOK NUMBER
International Standard Book Number 0070402671 
040 ## - CATALOGING SOURCE
Transcribing agency ENGLISH 
082 ## - DEWEY DECIMAL CLASSIFICATION NUMBER
Item number 5586 
Classification number 658.4038 
100 ## - MAIN ENTRY--PERSONAL NAME
Personal name "DAVIS, GORDON B., Olson, Margrethe H. "
245 ## - TITLE STATEMENT
Title Management Information Systems
250 ## - EDITION STATEMENT
Edition statement 2nd 
260 ## - PUBLICATION, DISTRIBUTION, ETC. (IMPRINT)
Place of publication, distribution, etc New Delhi 
Name of publisher, distributor, etc Tata McGrow Hill  
Date of publication, distribution, etc 2005 
300 ## - PHYSICAL DESCRIPTION
Extent 693p. 
365 ## - TRADE PRICE
Price note Rupees 
Unit of pricing
Price amount 0.00 
366 ## - TRADE AVAILABILITY INFORMATION
Publishers' discount category
505 ## - FORMATTED CONTENTS NOTE
Miscellaneous information Tushar Jadhav 
620 ## -
-- "Information Systems Technology, Conceptual Foundation "
630 ## - SUBJECT ADDED ENTRY--UNIFORM TITLE
Uniform title Management Information Systems
730 ## - ADDED ENTRY--UNIFORM TITLE
Uniform title Management Information Systems
942 ## - ADDED ENTRY ELEMENTS (KOHA)
Koha item type Book
Holdings
Withdrawn status Lost status Damaged status Not for loan Home library Current library Date acquired Cost, normal purchase price Total Checkouts Full call number Barcode Date last seen Price effective from Koha item type
        Dr. V. N. Bedekar Institute of Management Studies Library Dr. V. N. Bedekar Institute of Management Studies Library 09/19/2006 0.00   658.4038 /DAV/OLS  5586  VPMBRIMS-5586  03/19/2010 03/19/2010 Book